1811 1202 1468 1070 1585 1254 1835 1453 1752 1044 1104 1843 1236 1406 1413 1094 1637 1564 1981 1070 1083 1298 1346 1846 1665 1112 1681 1383 1944 1482 1102 1580 1873 1846 1779 1418 1239 1780 1466 1683 1514 1902 1751 1112 1074 1050 1170 1917 1775 1895 1678 1415 1027 1502 1819 1625 1980 1528 1812 1424 1233 1062 1105 1446 1742 1433 1652 1336 1041 1173 1022 1192 1325 1733 1360 1022 1631 1997 1064 1616 1783 1226 1896 1113 1401 1796 1084 1426 1708 1546 1314 1661 1653 1682 1100 1525 1345 1317 1314 BCNSPRNW ULIB Ver.6.0+V

เปลี่ยนเป็นภาษาไทย

Change to English
 แสดงรายละเอียดบรรณานุกรม
  กลับหน้าหลัก

Brief Record : Get Marc (ISO 2709) : E-mail record : QR code < ปิดหน้าต่าง
LEADER : 00000nam 2200000uu 4500
001    13399124548
003     ULIB
008    020711s2000 th a 000 0 eng d
020    0721686699
060    WY100^bF97986
100    Helen Harkreader.
245    Fundamentals of Nursing./^cHelen Harkreader.
260    London :^bSaunders,^c2000
300    1716 pages;^b28.5 cm
650    Fundamentals
945    ^p0^l0^i23114
รายการนี้ยังไม่มีแท็ก
คุณยังไม่ได้ล็อกอิน คุณสามารถมีกิจกรรมร่วมกับเว็บไซต์ได้ แต่ต้องล็อกอินก่อน ::
  ล็อกอิน

รายการสื่อสารสนเทศ

ลำดับที่ ประเภท เลขเรียก/บาร์โค้ด สถานที่ สถานะ
1. Book การพยาบาล
Book การพยาบาล
WY100 F97986 ฉ.1 
  Barcode: 23114
ห้องสมุดวิทยาเขตนครสวรรค์
►หนังสือทั่วไป:l:General Books
บนชั้น

รายการใกล้เคียง
    หัวเรื่อง [Fundamentals]

BibComment


ยังไม่เคยถูกคอมเมนท์

คอมเมนท์ทรัพยากรรายการนี้
  คอมเมนท์: Fundamentals of N..


 Copyright 2026. Bcnsprnw @Library